00531nam a2200169Ia 4500008004100000100002800041245012900069260001100198300002000209440003700229521000900266650002000275650001600295650001600311650001300327650002100340140626s9999 xx 000 0 und d aJohnstone, Christopher. aStatewide testing of reading and possible implications for students with disabilities /cChristopher Johnstone ... [et al.]. cc2012. a46 : 1, page 17 aThe Journal of Special Education aSPED aAccountability. aAssessment. aDisability. aReading. aState standards.